[Event "Titled Tuesday intern op 30th Apr Early"]
[Site "Chess.com INT"]
[Date "2024.04.30"]
[Round "7"]
[White "Rakhmanov, Alexander"]
[Black "Pajeken, Jakob Leon"]
[Result "1-0"]
[WhiteElo "2614"]
[BlackElo "2423"]
[PlyCount "127"]
[EventDate "2024.04.30"]
[EventType "swiss (blitz)"]
[EventRounds "11"]
[EventCountry "USA"]
[SourceTitle "CB19_2024"]
[SourceDate "2024.05.08"]
[SourceVersion "1"]
[SourceVersionDate "2024.05.08"]
[SourceQuality "1"]

1. e4 e5 2. Nf3 Nc6 3. d4 exd4 4. Nxd4 Nf6 5. Nxc6 bxc6 6. Bd3 d5 7. exd5 cxd5 8. 0-0 Be7 9. c4 0-0 10. Nc3 Bb7 11. cxd5 Nxd5 12. Qc2 g6 13. Be4 c6 14. Bh6 Re8 15. Rad1 Bd6 16. g3 Rc8 17. Qb3 Qb6 18. Nxd5 cxd5 19. Bxd5 Bxd5 20. Qxb6 axb6 21. Rxd5 Bc5 22. Rfd1 Bf8 23. Be3 Rc2 24. R1d2 Rc1+ 25. Kg2 Bc5 26. Bh6 Bf8 27. Rd8 Rc8 28. Rxe8 Rxe8 29. Bxf8 Kxf8 30. Rd3 Re5 31. Kf3 Ra5 32. a3 Rb5 33. Rd2 Rb3+ 34. Ke2 Ke7 35. Kd1 Rf3 36. Ke2 Rb3 37. Kd1 Rf3 38. Ke1 h5 39. h4 Kf8 40. Re2 Rb3 41. Kd1 Kg7 42. Kc2 Rf3 43. Kb1 Kf6 44. Ka2 g5 45. hxg5+ Kxg5 46. a4 Kg4 47. b3 f5 48. Ka3 f4 49. gxf4 Rxf4 50. Re6 h4 51. Rxb6 Rxf2 52. Rg6+ Kf5 53. Rh6 Kg5 54. Rh8 Rf6 55. a5 Kg4 56. b4 Kg3 57. Ka4 h3 58. b5 Rf4+ 59. Kb3 Rh4 60. Rg8+ Rg4 61. Rh8 h2 62. Rxh2 Kxh2 63. a6 Kg3 64. a7 1-0

[Event "Titled Tuesday intern op 02nd Apr Early"]
[Site "Chess.com INT"]
[Date "2024.04.02"]
[Round "5"]
[White "Pajeken, Jakob Leon"]
[Black "Donskov, Anatoly"]
[Result "1-0"]
[WhiteElo "2423"]
[BlackElo "2279"]
[PlyCount "93"]
[EventDate "2024.04.02"]
[EventType "swiss (blitz)"]
[EventRounds "11"]
[EventCountry "USA"]
[SourceTitle "CB15_2024"]
[SourceDate "2024.04.10"]
[SourceVersion "1"]
[SourceVersionDate "2024.04.10"]
[SourceQuality "1"]

1. d4 Nf6 2. Nf3 e6 3. g3 c5 4. Bg2 cxd4 5. 0-0 Be7 6. Nxd4 0-0 7. c4 a6 8. Nc3 d6 9. b3 Qc7 10. Bb2 Nc6 11. Rc1 Bd7 12. Qd2 Qb8 13. Rfd1 Rc8 14. e4 Be8 15. f4 Nd7 16. Nf3 Qa7+ 17. Kh1 Nc5 18. Qe2 Rd8 19. Rd2 b5 20. Rcd1 b4 21. Nb1 a5 22. e5 dxe5 23. Nxe5 Rxd2 24. Rxd2 Nxe5 25. Qxe5 Bf6 26. Qd6 Rd8 27. Qxd8 Bxd8 28. Rxd8 Qe7 29. Ra8 f6 30. Bd4 Nd7 31. c5 Nxc5 32. Rxa5 Nd7 33. Nd2 Qd6 34. Nf3 Qc6 35. h3 Qc1+ 36. Kh2 Kf7 37. Ra8 h6 38. Nh4 g5 39. fxg5 hxg5 40. Nf3 Qd1 41. Rd8 Nc5 42. Bxf6 Nd3 43. Rxd3 Qe2 44. Bxg5 Bc6 45. Rd2 Qe4 46. Bf4 Bd5 47. Ng5+ 1-0

[Event "AUT-chT 2324"]
[Site "Austria"]
[Date "2024.03.23"]
[Round "10.2"]
[White "Martinovic, Sasa"]
[Black "Pajeken, Jakob Leon"]
[Result "1-0"]
[WhiteElo "2542"]
[BlackElo "2424"]
[PlyCount "117"]
[EventDate "2023.11.22"]
[EventType "team-tourn"]
[EventRounds "11"]
[EventCountry "AUT"]
[SourceTitle "CB13_2024"]
[SourceDate "2024.03.27"]
[SourceVersion "1"]
[SourceVersionDate "2024.03.27"]
[SourceQuality "1"]
[WhiteTeam "St Veit"]
[BlackTeam "Raika Feffernitz"]
[WhiteTeamCountry "AUT"]
[BlackTeamCountry "AUT"]

1. d4 d5 2. c4 dxc4 3. Nf3 Nf6 4. e3 e6 5. Bxc4 c5 6. 0-0 Nc6 7. Nc3 a6 8. d5 Nxd5 9. Nxd5 b5 10. Bb3 c4 11. Bxc4 bxc4 12. e4 Bb7 13. Bf4 Rc8 14. Qe2 Bd6 15. Bxd6 Qxd6 16. Nc3 Ne5 17. Nxe5 Qxe5 18. Rad1 0-0 19. Rd7 Bc6 20. Rd2 f5 21. exf5 Qxe2 22. Nxe2 exf5 23. f3 g5 24. Kf2 f4 25. Rc1 Be8 26. h4 gxh4 27. Rh1 Rc5 28. Rxh4 Rcf5 29. Rc2 Bb5 30. Rg4+ Kh8 31. Rd2 Be8 32. Rc2 Bb5 33. a3 Bd7 34. Rd2 Be6 35. Rd6 Bg8 36. Rxa6 Rb5 37. Nxf4 Rxb2+ 38. Kg3 Rb7 39. Rh6 Bf7 40. Rgh4 Be8 41. Nd5 Rg7+ 42. Kf2 Bf7 43. Ne3 Bg8 44. Nxc4 Ra7 45. Ne5 Re8 46. Re4 Rxa3 47. Rh5 Rc8 48. g4 Kg7 49. Rg5+ Kf6 50. Rf5+ Kg7 51. Nd7 Ra7 52. Re7+ Kh8 53. Rg5 Ra6 54. Kg3 Bb3 55. f4 Re6 56. Rgg7 Rh6 57. f5 Bc2 58. Kf4 Rg8 59. Nf6 1-0

[Event "Bundesliga 2324"]
[Site "Germany"]
[Date "2024.03.16"]
[Round "12.8"]
[White "Pajeken, Jakob Leon"]
[Black "Winterberg, Lukas"]
[Result "1/2-1/2"]
[WhiteElo "2416"]
[BlackElo "2410"]
[PlyCount "89"]
[EventDate "2023.10.21"]
[EventType "team-tourn"]
[EventRounds "15"]
[EventCountry "GER"]
[SourceTitle "CB13_2024"]
[SourceDate "2024.03.27"]
[SourceVersion "1"]
[SourceVersionDate "2024.03.27"]
[SourceQuality "1"]
[WhiteTeam "Kiel Turm"]
[BlackTeam "Heimbach Weis Neuwied"]
[WhiteTeamCountry "GER"]
[BlackTeamCountry "GER"]

1. e4 e6 2. d4 d5 3. Nc3 Nf6 4. e5 Nfd7 5. f4 c5 6. Nf3 Nc6 7. Be3 cxd4 8. Nxd4 Qb6 9. Na4 Qa5+ 10. Nc3 Qb6 11. Be2 Nxd4 12. Bxd4 Bc5 13. Nb5 0-0 14. a4 a5 15. 0-0 Nb8 16. Bxc5 Qxc5+ 17. Kh1 Bd7 18. Nd6 Nc6 19. Bd3 g6 20. Qg4 Ne7 21. Qh4 Nc8 22. Nb5 Bxb5 23. axb5 Qe7 24. Qf2 Qc7 25. Ra3 Ne7 26. Rc3 Qd8 27. Qd4 Rc8 28. Ra3 Nf5 29. Bxf5 exf5 30. Qd3 b6 31. Rd1 Rc5 32. Rc3 Qc7 33. Rxc5 Qxc5 34. Qxd5 Qxc2 35. e6 fxe6 36. Qxe6+ Kh8 37. Qe5+ Kg8 38. Qe6+ Kh8 39. Qe5+ Kg8 40. Re1 Qc5 41. Qe6+ Kh8 42. Qd7 Kg8 43. h3 Rf7 44. Qd3 Qb4 45. Re8+ 1/2-1/2

[Event "Bremen Jubilee 125 op"]
[Site "Bremen"]
[Date "2024.03.04"]
[Round "3"]
[White "Pajeken, Jakob Leon"]
[Black "Radeva, Viktoria"]
[Result "1-0"]
[WhiteElo "2424"]
[BlackElo "2325"]
[PlyCount "97"]
[EventDate "2024.03.02"]
[EventType "swiss"]
[EventRounds "9"]
[EventCountry "GER"]
[SourceTitle "CB11_2024"]
[SourceDate "2024.03.13"]
[SourceVersion "1"]
[SourceVersionDate "2024.03.13"]
[SourceQuality "1"]

1. e4 e6 2. d4 d5 3. Nc3 Nf6 4. e5 Nfd7 5. f4 c5 6. Nf3 Nc6 7. Be3 a6 8. a3 cxd4 9. Nxd4 Nxd4 10. Bxd4 Bc5 11. Bxc5 Nxc5 12. Qd4 Qb6 13. 0-0-0 Nd7 14. Qd2 0-0 15. g4 Qc7 16. Bg2 Nb6 17. Rhf1 Bd7 18. Qd4 Rac8 19. Rf3 Qc5 20. Bf1 Na4 21. Qxc5 Rxc5 22. Nxa4 Bxa4 23. b3 Bb5 24. Bxb5 Rxb5 25. Rc3 f6 26. exf6 Rxf6 27. Rd4 Rb6 28. Kd2 Rd6 29. Rc8+ Rf8 30. Rxf8+ Kxf8 31. c4 Ke7 32. c5 Rc6 33. Rb4 Rc7 34. Rb6 h5 35. g5 Kf7 36. b4 Kg6 37. Ke3 Kf5 38. Rd6 a5 39. h3 axb4 40. axb4 h4 41. Rd8 Kg6 42. Re8 Kf7 43. Rb8 Kg6 44. Rd8 Rf7 45. b5 Kf5 46. b6 Kg6 47. Rc8 e5 48. fxe5 Kxg5 49. Rc7 1-0

[Event "Bundesliga 2324"]
[Site "Germany"]
[Date "2024.01.13"]
[Round "5.8"]
[White "Pajeken, Jakob Leon"]
[Black "Zelcic, Robert"]
[Result "1/2-1/2"]
[WhiteElo "2416"]
[BlackElo "2476"]
[PlyCount "99"]
[EventDate "2023.10.21"]
[EventType "team-tourn"]
[EventRounds "15"]
[EventCountry "GER"]
[SourceTitle "CB03_2024"]
[SourceDate "2024.01.17"]
[SourceVersion "1"]
[SourceVersionDate "2024.01.17"]
[SourceQuality "1"]
[WhiteTeam "Kiel Turm"]
[BlackTeam "Kirchweyhe"]
[WhiteTeamCountry "GER"]
[BlackTeamCountry "GER"]

1. e4 c6 2. Nf3 d5 3. Nc3 Bg4 4. h3 Bxf3 5. Qxf3 e6 6. Be2 Nf6 7. 0-0 Bc5 8. d3 0-0 9. Rd1 d4 10. Nb1 Bd6 11. c3 c5 12. Bg5 Nbd7 13. Na3 h6 14. Bxf6 Nxf6 15. Nc4 Bc7 16. a4 Nd7 17. g3 a6 18. a5 Nb8 19. Qh5 Qg5 20. Qxg5 hxg5 21. Rf1 e5 22. Kg2 Nc6 23. Rh1 Bd8 24. Bg4 Bc7 25. Bd7 Ne7 26. Rhd1 Rfd8 27. Ba4 Rab8 28. Kf3 g6 29. Ke2 Kg7 30. Rh1 Nc8 31. Rhc1 b5 32. axb6 Nxb6 33. Nxb6 Rxb6 34. Ra2 Rdb8 35. cxd4 Rxb2+ 36. Rxb2 Rxb2+ 37. Kf3 Rb4 38. Rxc5 Bb6 39. Rc4 Rxc4 40. dxc4 Bxd4 41. Ke2 Kf6 42. f3 Ke6 43. Kd3 Bf2 44. g4 a5 45. Kc3 f5 46. c5 Bxc5 47. Kc4 Bf2 48. Bc2 f4 49. Ba4 Kd6 50. Bc2 1/2-1/2

[Event "Krakow op-A 34th"]
[Site "Krakow"]
[Date "2023.12.29"]
[Round "3"]
[White "Dziewonski, Dariusz"]
[Black "Pajeken, Jakob Leon"]
[Result "0-1"]
[WhiteElo "2224"]
[BlackElo "2428"]
[PlyCount "126"]
[EventDate "2023.12.27"]
[EventType "swiss"]
[EventRounds "9"]
[EventCountry "POL"]
[SourceTitle "CB02_2024"]
[SourceDate "2024.01.10"]
[SourceVersion "1"]
[SourceVersionDate "2024.01.10"]
[SourceQuality "1"]

1. e4 c5 2. Nf3 d6 3. Bb5+ Nd7 4. d4 cxd4 5. Qxd4 a6 6. Bxd7+ Bxd7 7. c4 Nf6 8. Bg5 e6 9. Nc3 Bc6 10. 0-0 Be7 11. a4 h6 12. Bh4 0-0 13. Rfd1 Qa5 14. h3 Rfd8 15. Qe3 Rac8 16. Nd5 Bxd5 17. exd5 e5 18. b3 Rd7 19. Qd2 Qxd2 20. Nxd2 g5 21. Bg3 Nh5 22. Bh2 Nf4 23. Bxf4 exf4 24. Rac1 a5 25. Nf3 Bf6 26. Kf1 Kg7 27. Nd4 Bxd4 28. Rxd4 Re7 29. Re1 Rce8 30. Rxe7 Rxe7 31. Rd2 f5 32. b4 axb4 33. Rb2 Kf6 34. Rxb4 Ke5 35. Ke2 Kd4+ 36. Kd2 g4 37. c5+ Kxc5 38. Rxf4 gxh3 39. gxh3 Rf7 40. Kd3 Kxd5 41. Rh4 Rh7 42. Rb4 Ke5 43. Ke3 Re7 44. Rh4 Re6 45. Rb4 Kd5+ 46. Kd3 Re4 47. Rb5+ Ke6 48. a5 Re5 49. Rxb7 Rxa5 50. Rb3 Ra4 51. Ke2 Ke5 52. Kf3 h5 53. Rb5+ d5 54. Rb8 Ra3+ 55. Kg2 d4 56. Re8+ Kf4 57. Rd8 d3 58. Rd4+ Ke5 59. Rd8 Ke4 60. Re8+ Kd4 61. Rd8+ Kc3 62. Rc8+ Kd2 63. Rc5 Rc3 0-1

[Event "Budapest SixDays 09 GM-A"]
[Site "Budapest"]
[Date "2023.09.20"]
[Round "4"]
[White "Pajeken, Jakob Leon"]
[Black "Nagy, Gabor"]
[Result "1/2-1/2"]
[WhiteElo "2423"]
[BlackElo "2448"]
[PlyCount "35"]
[EventDate "2023.09.18"]
[EventType "tourn"]
[EventRounds "9"]
[EventCountry "HUN"]
[EventCategory "7"]
[SourceTitle "EXT 2024"]
[Source "ChessBase"]
[SourceDate "2023.10.10"]
[SourceVersion "1"]
[SourceVersionDate "2023.10.10"]
[SourceQuality "1"]

1. Nf3 d5 2. g3 Nf6 3. Bg2 c5 4. 0-0 g6 5. d4 cxd4 6. Nxd4 Bg7 7. Nb3 Nc6 8. Nc3 e6 9. Re1 0-0 10. a4 h6 11. a5 Rb8 12. Be3 Re8 13. h3 Kh7 14. Nb5 b6 15. axb6 axb6 16. c4 Bd7 17. Na3 Qe7 18. Rc1 1/2-1/2

[Event "Budapest SixDays 09 GM-A"]
[Site "Budapest"]
[Date "2023.09.19"]
[Round "2"]
[White "Pajeken, Jakob Leon"]
[Black "Ostrovskiy, Aleksandr A"]
[Result "0-1"]
[WhiteElo "2423"]
[BlackElo "2370"]
[PlyCount "80"]
[EventDate "2023.09.18"]
[EventType "tourn"]
[EventRounds "9"]
[EventCountry "HUN"]
[EventCategory "7"]
[SourceTitle "EXT 2024"]
[Source "ChessBase"]
[SourceDate "2023.10.10"]
[SourceVersion "1"]
[SourceVersionDate "2023.10.10"]
[SourceQuality "1"]

1. Nf3 d5 2. g3 Bg4 3. Ne5 Bf5 4. c4 f6 5. Nf3 dxc4 6. Bg2 Nc6 7. b3 Nd4 8. Nxd4 Qxd4 9. Nc3 c6 10. Bb2 cxb3 11. axb3 Rd8 12. d3 e5 13. 0-0 a6 14. Qc2 Qa7 15. Na4 Nh6 16. Bc1 Nf7 17. Be3 Qb8 18. Bb6 Rc8 19. f4 exf4 20. Rxf4 Bg6 21. Qc4 Be7 22. Nc5 Ne5 23. Qc3 Bxc5+ 24. Bxc5 b6 25. Ba3 c5 26. d4 cxd4 27. Qb4 Qa7 28. Rxd4 Bf5 29. Rad1 b5 30. Kh1 Kf7 31. g4 Be6 32. Rd7+ Bxd7 33. Qe7+ Kg6 34. Be4+ Kh6 35. g5+ fxg5 36. Qxe5 Rhe8 37. Be7 Qe3 38. h4 gxh4 39. Rf1 Qh3+ 40. Kg1 Qg3+ 0-1

[Event "Budapest SixDays 09 GM"]
[Site "Budapest"]
[Date "2023.09.14"]
[Round "4"]
[White "Xiao, Tong"]
[Black "Pajeken, Jakob Leon"]
[Result "1-0"]
[WhiteElo "2452"]
[BlackElo "2423"]
[PlyCount "71"]
[EventDate "2023.09.12"]
[EventType "tourn"]
[EventRounds "9"]
[EventCountry "HUN"]
[EventCategory "6"]
[SourceTitle "EXT 2024"]
[Source "ChessBase"]
[SourceDate "2023.10.10"]
[SourceVersion "1"]
[SourceVersionDate "2023.10.10"]
[SourceQuality "1"]

1. e4 c5 2. Nf3 d6 3. d4 cxd4 4. Nxd4 Nf6 5. Nc3 a6 6. Rg1 h5 7. Bg5 Nbd7 8. Qd2 e6 9. 0-0-0 b5 10. a3 Bb7 11. f3 Be7 12. Bd3 Rc8 13. Kb1 0-0 14. Rge1 Ne5 15. f4 Nc4 16. Bxc4 Rxc4 17. f5 Nd5 18. Bxe7 Nxc3+ 19. Qxc3 Qxe7 20. Qf3 e5 21. Nb3 Rfc8 22. c3 Ra4 23. Qd3 Qc7 24. Nd2 Rd8 25. f6 gxf6 26. Qg3+ Kf8 27. Qf3 d5 28. Qxf6 dxe4 29. Nc4 Rxd1+ 30. Rxd1 Rxc4 31. Rd8+ Qxd8 32. Qxd8+ Kg7 33. Qg5+ Kf8 34. Qxh5 Rc5 35. Qh6+ Ke7 36. Qb6 1-0

[Event "Budapest SixDays 09 GM"]
[Site "Budapest"]
[Date "2023.09.13"]
[Round "2"]
[White "Nandhidhaa, PV."]
[Black "Pajeken, Jakob Leon"]
[Result "1/2-1/2"]
[WhiteElo "2316"]
[BlackElo "2423"]
[PlyCount "95"]
[EventDate "2023.09.12"]
[EventType "tourn"]
[EventRounds "9"]
[EventCountry "HUN"]
[EventCategory "6"]
[SourceTitle "EXT 2024"]
[Source "ChessBase"]
[SourceDate "2023.10.10"]
[SourceVersion "1"]
[SourceVersionDate "2023.10.10"]
[SourceQuality "1"]

1. e4 c5 2. Nf3 d6 3. d4 cxd4 4. Qxd4 Nc6 5. Qe3 g6 6. Be2 Bg7 7. 0-0 Nf6 8. Nc3 0-0 9. Rd1 Bd7 10. Nd5 Rc8 11. c3 Ng4 12. Qg5 Re8 13. Qh4 e6 14. Ne3 Qxh4 15. Nxh4 Nxe3 16. Bxe3 Bf8 17. Nf3 f6 18. Nd4 a6 19. Nb3 Ne5 20. Na5 Bc6 21. f4 Nf7 22. Nxc6 Rxc6 23. Rd4 d5 24. Bf3 Bc5 25. Rd3 dxe4 26. Bxe4 Bxe3+ 27. Rxe3 Rc7 28. Bd5 Rce7 29. Rae1 Nd8 30. Bb3 Kg7 31. Kf2 h6 32. h4 f5 33. Ba4 b5 34. Bb3 Kf6 35. a4 e5 36. Rd1 Nb7 37. axb5 axb5 38. fxe5+ Rxe5 39. Rxe5 Rxe5 40. Rd7 Re7 41. Rxe7 Kxe7 42. Ke3 Kd6 43. Kf4 Nc5 44. Bc2 Ne6+ 45. Ke3 Ke5 46. Bd3 Nc7 47. Kf3 g5 48. hxg5 1/2-1/2

[Event "Budapest SixDays 09 GM"]
[Site "Budapest"]
[Date "2023.09.12"]
[Round "1"]
[White "Pap, Gyula"]
[Black "Pajeken, Jakob Leon"]
[Result "1/2-1/2"]
[WhiteElo "2432"]
[BlackElo "2423"]
[PlyCount "37"]
[EventDate "2023.09.12"]
[EventType "tourn"]
[EventRounds "9"]
[EventCountry "HUN"]
[EventCategory "6"]
[SourceTitle "EXT 2024"]
[Source "ChessBase"]
[SourceDate "2023.10.10"]
[SourceVersion "1"]
[SourceVersionDate "2023.10.10"]
[SourceQuality "1"]

1. e4 c5 2. Nf3 d6 3. d4 cxd4 4. Nxd4 Nf6 5. Nc3 a6 6. Be3 e5 7. Nf3 Be7 8. Bc4 Be6 9. Bb3 Nbd7 10. Ng5 Bxb3 11. axb3 0-0 12. Nf3 b5 13. Qd3 Qc7 14. b4 Rfc8 15. 0-0 Qb7 16. Nd2 d5 17. Nxd5 Nxd5 18. exd5 Nf6 19. Bg5 1/2-1/2

[Event "Skanderborg Smuk+"]
[Site "Skanderborg"]
[Date "2023.08.13"]
[Round "2"]
[White "Pedersen, Nicolai Vesterbaek"]
[Black "Pajeken, Jakob Leon"]
[Result "0-1"]
[WhiteElo "2360"]
[BlackElo "2420"]
[PlyCount "50"]
[EventDate "2023.08.12"]
[EventType "tourn"]
[EventRounds "9"]
[EventCountry "DEN"]
[EventCategory "8"]
[SourceTitle "CBM 215 Extra"]
[Source "ChessBase"]
[SourceDate "2023.09.30"]
[SourceVersion "1"]
[SourceVersionDate "2023.09.30"]
[SourceQuality "1"]

1. c4 Nf6 2. Nc3 e5 3. Nf3 Nc6 4. g3 d5 5. cxd5 Nxd5 6. Bg2 Bc5 7. 0-0 0-0 8. Qc2 Nxc3 9. bxc3 Qe7 10. d3 h6 11. Rb1 Bb6 12. Nd2 Be6 13. Qa4 Rfd8 14. Nc4 Bd5 15. Bxd5 Rxd5 16. Nxb6 cxb6 17. Qe4 Rad8 18. Bb2 b5 19. a4 bxa4 20. Qxa4 b5 21. Qe4 Qd7 22. c4 bxc4 23. dxc4 Rd6 24. c5 Rd5 25. Qc4 Qh3 0-1